[Event "La Roda op 49th"]
[Site "La Roda"]
[Date "2023.04.08"]
[Round "7"]
[White "Kobo, Ori"]
[Black "Newrkla, Katharina"]
[Result "1/2-1/2"]
[WhiteElo "2549"]
[BlackElo "2249"]
[PlyCount "157"]
[EventDate "2023.04.05"]
[EventType "swiss"]
[EventRounds "9"]
[EventCountry "ESP"]
[SourceTitle "CBM 213 Extra"]
[Source "ChessBase"]
[SourceDate "2023.05.31"]
[SourceVersion "1"]
[SourceVersionDate "2023.05.31"]
[SourceQuality "1"]

1. e4 c5 2. Nf3 d6 3. d4 cxd4 4. Nxd4 Nf6 5. Nc3 a6 6. g3 e5 7. Nb3 Be7 8. Bg2 0-0 9. 0-0 Be6 10. a4 Nbd7 11. Qe2 Rc8 12. Rd1 Qc7 13. Nd2 Qc5 14. Nf1 Bd8 15. Ne3 Ba5 16. Ncd5 Bxd5 17. exd5 g6 18. Bf1 Bb6 19. c3 a5 20. Qb5 e4 21. Qxc5 Bxc5 22. Rb1 Ne5 23. h3 Rc7 24. b4 Bb6 25. bxa5 Bxa5 26. Ba3 Rd8 27. c4 Nf3+ 28. Kg2 Bc3 29. Rb6 Ne8 30. c5 Bd4 31. cxd6 Bxb6 32. dxc7 Bxc7 33. Be7 Rd7 34. Bc5 Nd6 35. Be2 Ne5 36. g4 f6 37. Bd4 Bd8 38. g5 Nf3 39. Bxf6 Nxg5 40. Bg4 Bxf6 41. Bxd7 Kf8 42. Rc1 Bd8 43. Nc4 Ngf7 44. Be6 Nxc4 45. Rxc4 Nd6 46. Rc3 Bb6 47. Rg3 Bd4 48. Kf1 Be5 49. Rb3 Bd4 50. Ke2 Bc5 51. Rb1 Bd4 52. Rc1 Bb6 53. Rg1 Bc5 54. h4 Bd4 55. h5 gxh5 56. Rh1 Kg7 57. Rxh5 Kg6 58. Bg4 h6 59. Kf1 Ne8 60. Rh3 Nd6 61. Kg2 Be5 62. Be2 Kg7 63. Rb3 Kf6 64. Rb1 Bf4 65. Bg4 Ke5 66. Be6 Kd4 67. a5 Kc5 68. Ra1 Kb5 69. Bd7+ Kc5 70. Be6 Kb5 71. Ra2 Be5 72. Bg4 Kc5 73. Be6 Kb5 74. Kf1 Bc3 75. Bd7+ Kc4 76. Rc2 Kd3 77. Ra2 Kc4 78. Be6 Kb5 79. Bd7+ 1/2-1/2

[Event "Sitges Sunway op 9th"]
[Site "Sitges"]
[Date "2022.12.15"]
[Round "4"]
[White "Narciso Dublan, Marc"]
[Black "Newrkla, Katharina"]
[Result "1/2-1/2"]
[WhiteElo "2448"]
[BlackElo "2265"]
[PlyCount "94"]
[EventDate "2022.12.12"]
[EventType "swiss"]
[EventRounds "10"]
[EventCountry "ESP"]
[SourceTitle "CBM 211 Extra"]
[Source "ChessBase"]
[SourceDate "2023.01.31"]
[SourceVersion "1"]
[SourceVersionDate "2023.01.31"]
[SourceQuality "1"]

1. e4 c5 2. f4 d5 3. d3 dxe4 4. dxe4 Qxd1+ 5. Kxd1 Bg4+ 6. Be2 Bxe2+ 7. Kxe2 Nc6 8. Nf3 0-0-0 9. c3 e6 10. Nbd2 Bd6 11. Nc4 Bc7 12. Ng5 Nh6 13. Be3 b6 14. Rhd1 Rhe8 15. e5 f6 16. exf6 gxf6 17. Ne4 Rf8 18. Rxd8+ Nxd8 19. g3 Nf5 20. Bf2 Nb7 21. Rd1 h5 22. a4 e5 23. fxe5 Bxe5 24. a5 Kc7 25. axb6+ axb6 26. b4 Nfd6 27. Nexd6 Nxd6 28. Nxd6 Bxd6 29. bxc5 bxc5 30. Rd5 Kc6 31. Rxh5 Ra8 32. Rf5 Be5 33. c4 Ra2+ 34. Kd3 Ra3+ 35. Kd2 Ra2+ 36. Kd3 Ra3+ 37. Kd2 Ra2+ 38. Kd1 Ra1+ 39. Kc2 Ra2+ 40. Kb3 Rb2+ 41. Ka3 Rc2 42. g4 Rc3+ 43. Ka2 Rxc4 44. g5 fxg5 45. Rxe5 Rc2+ 46. Kb3 Rxf2 47. Rxg5 Rxh2 1/2-1/2

[Event "Sitges Sunway op 9th"]
[Site "Sitges"]
[Date "2022.12.13"]
[Round "2"]
[White "Raja, Rithvik R"]
[Black "Newrkla, Katharina"]
[Result "1-0"]
[WhiteElo "2453"]
[BlackElo "2265"]
[PlyCount "53"]
[EventDate "2022.12.12"]
[EventType "swiss"]
[EventRounds "10"]
[EventCountry "ESP"]
[SourceTitle "CBM 211 Extra"]
[Source "ChessBase"]
[SourceDate "2023.01.31"]
[SourceVersion "1"]
[SourceVersionDate "2023.01.31"]
[SourceQuality "1"]

1. d4 Nf6 2. c4 g6 3. Nc3 Bg7 4. e4 d6 5. h3 0-0 6. Be3 e5 7. d5 Na6 8. g4 Nc5 9. f3 a5 10. Nge2 Nfd7 11. h4 Bf6 12. g5 Be7 13. Qd2 f6 14. h5 fxg5 15. hxg6 Rxf3 16. Bg2 Rxe3 17. Qxe3 Nf8 18. gxh7+ Kh8 19. 0-0-0 g4 20. Rh5 Bd7 21. Qh6 Bf6 22. Rf1 Nd3+ 23. Kb1 Nf4 24. Nxf4 exf4 25. Rxf4 Be5 26. Rxe5 dxe5 27. Rf7 1-0

[Event "Olympiad Women-44"]
[Site "Chennai"]
[Date "2022.08.08"]
[Round "10.1"]
[White "Sebag, Marie"]
[Black "Newrkla, Katharina"]
[Result "1-0"]
[WhiteElo "2447"]
[BlackElo "2265"]
[PlyCount "79"]
[EventDate "2022.07.29"]
[EventType "team-swiss"]
[EventRounds "11"]
[EventCountry "IND"]
[SourceTitle "CBM 210"]
[Source "ChessBase"]
[SourceDate "2022.10.31"]
[SourceVersion "1"]
[SourceVersionDate "2022.10.31"]
[SourceQuality "1"]
[WhiteTeam "France (W)"]
[BlackTeam "Austria (W)"]
[WhiteTeamCountry "FRA"]
[BlackTeamCountry "AUT"]

1. e4 c5 2. Nf3 d6 3. Bb5+ Nd7 4. a4 Ngf6 5. Nc3 g6 6. a5 Bg7 7. 0-0 a6 8. Be2 0-0 9. d3 b5 10. axb6 Bb7 11. Qd2 a5 12. Qf4 Qxb6 13. Qh4 Bc6 14. Nd2 a4 15. Nc4 Qc7 16. Bh6 Nb6 17. Ne3 Bxh6 18. Qxh6 d5 19. exd5 Nbxd5 20. Ncxd5 Nxd5 21. Bf3 Nb4 22. Bxc6 Nxc6 23. f4 f5 24. Nc4 Qd7 25. Rae1 Qd4+ 26. Kh1 Rab8 27. Qh4 Rf6 28. Qf2 Qxf2 29. Rxf2 Kf8 30. g3 Nd4 31. Re5 Ra6 32. Rxc5 Rxb2 33. Nxb2 a3 34. Na4 Rxa4 35. Rf1 a2 36. Ra1 Ra3 37. Kg2 Ke8 38. Kf2 Ne6 39. Rc4 Kd7 40. Rb4 1-0

[Event "BL 2122 (Women)"]
[Site "Germany"]
[Date "2022.05.27"]
[Round "4.2"]
[White "Paehtz, Elisabeth"]
[Black "Newrkla, Katharina"]
[Result "1/2-1/2"]
[WhiteElo "2497"]
[BlackElo "2232"]
[PlyCount "95"]
[EventDate "2021.11.27"]
[EventType "team-tourn"]
[EventRounds "11"]
[EventCountry "GER"]
[SourceTitle "EXT 2023"]
[Source "ChessBase"]
[SourceDate "2022.10.05"]
[SourceVersion "1"]
[SourceVersionDate "2022.10.05"]
[SourceQuality "1"]
[WhiteTeam "Baden-Baden (W)"]
[BlackTeam "Lehrte (W)"]
[WhiteTeamCountry "GER"]
[BlackTeamCountry "GER"]

1. e4 c5 2. Nf3 d6 3. d4 cxd4 4. Nxd4 Nf6 5. Nc3 a6 6. Bg5 e6 7. f4 Be7 8. Qf3 Qc7 9. 0-0-0 Nbd7 10. g4 h6 11. Bxf6 Bxf6 12. h4 Nb6 13. g5 Bxd4 14. Rxd4 Qc5 15. Rd2 Bd7 16. Be2 0-0-0 17. Rhd1 Bc6 18. Rd4 a5 19. a3 a4 20. Kb1 hxg5 21. hxg5 Kb8 22. Na2 Rc8 23. Nb4 d5 24. exd5 Bxd5 25. Qe3 Bg2 26. g6 fxg6 27. Bg4 Nd5 28. Qe5+ Ka7 29. Bxe6 Nxb4 30. Qxc5+ Rxc5 31. axb4 Rc6 32. Bd7 Rf6 33. Bxa4 Rh4 34. Rg1 Bf3 35. c3 Rhxf4 36. Rxf4 Rxf4 37. Bc2 Rg4 38. Rxg4 Bxg4 39. Bxg6 Kb6 40. Kc2 Kc7 41. Kd3 Kd6 42. c4 Bd7 43. c5+ Kc7 44. Kd4 Ba4 45. Ke5 Bb3 46. Be4 Bf7 47. b5 b6 48. b4 1/2-1/2

[Event "BL 2122 (Women)"]
[Site "Germany"]
[Date "2022.05.26"]
[Round "3.2"]
[White "Newrkla, Katharina"]
[Black "Gaponenko, Inna"]
[Result "1-0"]
[WhiteElo "2232"]
[BlackElo "2332"]
[PlyCount "110"]
[EventDate "2021.11.27"]
[EventType "team-tourn"]
[EventRounds "11"]
[EventCountry "GER"]
[SourceTitle "EXT 2023"]
[Source "ChessBase"]
[SourceDate "2022.10.05"]
[SourceVersion "1"]
[SourceVersionDate "2022.10.05"]
[SourceQuality "1"]
[WhiteTeam "Lehrte (W)"]
[BlackTeam "Deizisau (W)"]
[WhiteTeamCountry "GER"]
[BlackTeamCountry "GER"]

1. e4 c5 2. Nf3 Nc6 3. d4 cxd4 4. Nxd4 Nf6 5. Nc3 e5 6. Ndb5 d6 7. Nd5 Nxd5 8. exd5 Ne7 9. c4 Nf5 10. Bd3 Be7 11. 0-0 0-0 12. a4 a6 13. Nc3 a5 14. Nb5 Bd7 15. Bd2 Bf6 16. Ra3 Re8 17. Re1 g6 18. b4 axb4 19. Bxb4 Bxb5 20. cxb5 Nd4 21. a5 b6 22. a6 Qd7 23. Bc3 Rec8 24. Bxd4 exd4 25. Qf3 Kg7 26. g3 h5 27. h4 Rc3 28. Rxc3 dxc3 29. Qe3 Qc7 30. Qe4 Rc8 31. Re2 Qb8 32. f4 Qc7 33. Kg2 Qc5 34. f5 Rc7 35. fxg6 Re7 36. Qf3 fxg6 37. Rxe7+ Bxe7 38. Qe4 Kf8 39. Qxg6 Qxd5+ 40. Qe4 Qa2+ 41. Kh3 d5 42. Qf5+ Kg7 43. Qh7+ Kf6 44. Qh8+ Ke6 45. Qxc3 Bc5 46. Qe1+ Kd6 47. Bf5 Bd4 48. Qe6+ Kc5 49. Qc6+ Kb4 50. Qc2 Qa5 51. Qd2+ Bc3 52. Qxd5 Qa1 53. Bd3 Bg7 54. Qc4+ Ka3 55. Be4 Kb2 1-0

[Event "AUT-chT2O 2122"]
[Site "Austria"]
[Date "2021.10.16"]
[Round "1.3"]
[White "Kummer, Helmut"]
[Black "Newrkla, Katharina"]
[Result "1/2-1/2"]
[WhiteElo "2253"]
[BlackElo "2239"]
[PlyCount "84"]
[EventDate "2021.10.16"]
[EventType "team-tourn"]
[EventRounds "11"]
[EventCountry "AUT"]
[SourceTitle "CBM 204 Extra"]
[Source "ChessBase"]
[SourceDate "2021.11.30"]
[SourceVersion "1"]
[SourceVersionDate "2021.11.30"]
[SourceQuality "1"]
[WhiteTeam "Donaustadt"]
[BlackTeam "Wien Austria"]
[WhiteTeamCountry "AUT"]
[BlackTeamCountry "AUT"]

1. d4 Nf6 2. c4 g6 3. Nc3 Bg7 4. e4 d6 5. Be2 0-0 6. Bg5 c5 7. d5 e6 8. Qd2 exd5 9. cxd5 Qb6 10. f3 Nbd7 11. Nh3 Ne5 12. Nf2 a6 13. 0-0 c4 14. Rab1 Qa5 15. f4 Ned7 16. Bxc4 b5 17. b4 Qb6 18. Bd3 Ng4 19. Ncd1 Bd4 20. h3 Nxf2 21. Nxf2 Nf6 22. Kh2 Bd7 23. Bh4 Be3 24. Qe1 Bxf4+ 25. g3 Be5 26. Bxf6 Bxf6 27. Ng4 Bg7 28. Nf6+ Bxf6 29. Rxf6 Qd4 30. Rf3 Rac8 31. Qf2 Qxf2+ 32. Rxf2 Rc3 33. Rb3 Rxb3 34. axb3 Kg7 35. Ra2 Ra8 36. Kg2 Kf6 37. Kf3 Ke5 38. Ke3 Ra7 39. h4 f6 40. Ra1 Ra8 41. Ra2 Ra7 42. Ra1 Ra8 1/2-1/2

[Event "Mitropa Cup (Women)"]
[Site "Radenci"]
[Date "2019.05.27"]
[Round "1.2"]
[White "Newrkla, Katharina"]
[Black "Cvitan, Ena"]
[Result "0-1"]
[WhiteElo "2190"]
[BlackElo "2132"]
[PlyCount "108"]
[EventDate "2019.05.27"]
[EventType "team-tourn"]
[EventRounds "9"]
[EventCountry "SLO"]
[SourceTitle "CBM 190 Extra"]
[Source "ChessBase"]
[SourceDate "2019.07.15"]
[SourceVersion "1"]
[SourceVersionDate "2019.07.15"]
[SourceQuality "1"]
[WhiteTeam "Austria (W)"]
[BlackTeam "Croatia (W)"]
[WhiteTeamCountry "AUT"]
[BlackTeamCountry "CRO"]

1. e4 c6 2. Nf3 d5 3. Nc3 dxe4 4. Nxe4 Nf6 5. Qe2 Nxe4 6. Qxe4 Qa5 7. Bc4 Qf5 8. Qe2 e6 9. d4 Be7 10. Ne5 g5 11. Bd3 Qf6 12. Bd2 Nd7 13. 0-0-0 Nxe5 14. dxe5 Qg7 15. f4 gxf4 16. Rhf1 Bd7 17. Rxf4 0-0-0 18. Qf2 Qxe5 19. Qxa7 f6 20. Ra4 Bc5 21. Qa8+ Qb8 22. Rf1 Be7 23. Qa5 b5 24. Rh4 f5 25. Rh6 Qb7 26. a4 Rhg8 27. Rxh7 Bc5 28. Qc3 Qa7 29. Kb1 Bd4 30. Qb4 Bc5 31. Qa5 Rxg2 32. axb5 cxb5 33. Qxa7 Bxa7 34. Bf4 Bd4 35. Re1 e5 36. Bxe5 Re8 37. Bxd4 Rxe1+ 38. Ka2 Rg4 39. Rh8+ Kc7 40. c3 Be6+ 41. Ka3 Rxd4 42. cxd4 Re3 43. Kb4 Rxd3 44. Kxb5 Rxd4 45. h4 f4 46. Rf8 Kd6 47. h5 Ke5 48. h6 Rd7 49. b4 Rh7 50. Kc5 Rxh6 51. b5 Rf6 52. Rh8 Bd7 53. Rh7 Bxb5 54. Kxb5 f3 0-1

[Event "Lisbon Portugal op"]
[Site "Lisbon"]
[Date "2019.02.07"]
[Round "6"]
[White "Newrkla, Katharina"]
[Black "Srinath, Rao SV"]
[Result "0-1"]
[WhiteElo "2180"]
[BlackElo "2437"]
[PlyCount "86"]
[EventDate "2019.02.02"]
[EventType "swiss"]
[EventRounds "9"]
[EventCountry "POR"]
[SourceTitle "CBM 188 Extra"]
[Source "ChessBase"]
[SourceDate "2019.02.26"]
[SourceVersion "1"]
[SourceVersionDate "2019.02.26"]
[SourceQuality "1"]

1. e4 e6 2. d4 d5 3. Nd2 Nf6 4. e5 Nfd7 5. Bd3 c5 6. c3 Nc6 7. Ne2 cxd4 8. cxd4 f6 9. exf6 Qxf6 10. 0-0 Bd6 11. Nf3 h6 12. Be3 0-0 13. a3 Rf7 14. Rc1 Nf8 15. Ng3 Bd7 16. Qd2 Be8 17. Nh5 Qd8 18. Nf4 Qc7 19. Ne5 Bxe5 20. dxe5 Qxe5 21. Ne2 Qf6 22. Bb1 Rd7 23. f4 Bg6 24. Bxg6 Nxg6 25. Nd4 Nge7 26. b4 Nd8 27. Rfe1 Ng6 28. Rf1 Nh4 29. Rc3 Nf7 30. Bf2 Nf5 31. Re1 Re8 32. Nxf5 Qxf5 33. Bxa7 Nd6 34. Rf3 Ne4 35. Qb2 Rc8 36. Rc1 Rdc7 37. Rxc7 Rxc7 38. Bd4 Nd6 39. Rf2 Qd3 40. Rd2 Qc4 41. Be5 Qc1+ 42. Kf2 Ne4+ 43. Ke2 Nxd2 0-1